00625nam a2200133 i 4500001000700000003000900007007000300016008004100019245025300060260005700313300003500370710006200405852002400467150908ES-MaACLt|071119s1890 po ||||1| fre d00aRecensement général de la population du Royaume de Portugal et des Iles Adjacentes (Açores et Madére) b: année 1890 / cMinistére des Travaux Publics, du Commerce et de l'Industrie, Direction Générale du Commerce et de l'Industrie. aLisbonne : b[s.n.], c1890 (fImprimerie Nationale) a22 p., [2] h. pleg. ; c23 cm.1 aPortugal. bDirecção Geral do Comércio e Industria. aES-MaACLjT-554-F-5